000 00639nam a2200253Ia 4500
003 OSt
005 20221007110240.0
006 a|||||r|||| 00| 0
007 ta
008 221006b |||||||| |||| 00| 0 eng d
024 _a20,712
037 _cTextual
040 _aLCO
_cLCO
_beng
041 _2eng
_aeng
082 _aZ1,2673, K8
100 _aBaxter J.W
_9690743
245 0 _aWorld Patent Law and Practice
250 _a1st
260 _aLondon
_bSweet & Maxwell UK
_c1968
300 _a363
650 _aWORLD PATENT
_9707287
942 _hZ1,2673, K8
_cTEXL
999 _c1190275
_d1190275